LDR 00978nam a2200169 i 4500 001 000000216424 003 CaOOAMICUS 005 20121019000000.0 008 121019s1858 xx u000 u lat u 013 $a195314 040 $aSeMil$bita 245 10$aDisputationum Roberti Bellarmini politiani S. J. S. R. E. cardinalis de controversiis christianae fidei adversus hujus temporis haereticos. 300 $a804 p. 773 0 $aBellarmino, Roberto
$tRoberti cardinalis Bellarmini opera omnia.$bEditio 1. Neapolitana iuxta Venetam anni 1721 dicata eminentiss. cardinali Xisto Riario Sforza archyepiscopo Neapolitano.$dNeapoli : Apud Josephum Giuliano, 1856-1862.$g4$w()1310 850 $aSeMil 852 $aSeMil$W1$xVenegono$y1$m2D IV 45 FA$j166843$B166843$CSeMilBibl$Z2$F177672 $8I 996 $6245$aDisputationum Roberti Bellarmini politiani S. J. S. R. E. cardinalis de controversiis christianae fidei adversus hujus temporis haereticos$9(OLS)http://semarc/title/311192